000 00507nam a22001697a 4500
005 20251108172342.0
008 250721s9999 xx 000 0 ara d
082 1 4 _a332.3/خير
100 1 _aالجزيري، خيري علي
245 1 0 _aالتمويل الدولي /
264 1 _aالقاهرة :
_bجامعة القاهرة - التعليم المفتوح،
300 _a267ص
650 1 7 _aالتمويل
650 1 7 _aصندوق النقد الدولي
942 _2ddc
_cBK
999 _c76996
_d76996